| 000 | 00765nam a2200193Ia 4500 | ||
|---|---|---|---|
| 008 | 151121s9999||||xx |||||||||||||| ||und|| | ||
| 082 | _a294।592/ ज्ञानेश्व | ||
| 082 | _bHNW-71477 | ||
| 100 | _aसंत ज्ञानेश्वर | ||
| 245 | _aअमृतानुभव व चांगदेव पासष्टी | ||
| 260 | _bपंडित बा। ज।आळंदी | ||
| 260 | _c-- | ||
| 300 | _a392 | ||
| 600 | _aसंत ज्ञानेश्वर | ||
| 630 | _aअमृतानुभव व चांगदेव पासष्टी | ||
| 700 | _aसंत ज्ञानेश्वर | ||
| 730 | _aअमृतानुभव व चांगदेव पासष्टी | ||
| 942 | _cBOOK | ||
| 999 |
_c1252945 _d1252942 |
||